ბათუმის შოთა რუსთაველის სახელმწიფო უნივერსიტეტის ბიბლიოთეკა

უღელტეხილი : ლექსები. პოემები (ბიბ.ჩანაწერი № 50068)

000 -LEADER
fixed length control field 00727nam a2200217Ia 4500
001 - CONTROL NUMBER
control field 17006
003 - CONTROL NUMBER IDENTIFIER
control field GE_BSU
008 - FIXED-LENGTH DATA ELEMENTS--GENERAL INFORMATION
fixed length control field 181216s||||||||xx |||||||||||||| ||und||
040 ## - CATALOGING SOURCE
Transcribing agency GE_BSU
080 ## - UNIVERSAL DECIMAL CLASSIFICATION NUMBER
Universal Decimal Classification number 821.353.1-1+ 821.353.1-11
100 ## - MAIN ENTRY--PERSONAL NAME
Personal name ბერულავა, ხუტა
245 ## - TITLE STATEMENT
Title უღელტეხილი : ლექსები. პოემები
245 ## - TITLE STATEMENT
Statement of responsibility, etc. რედ.ირ. არაბული
260 ## - PUBLICATION, DISTRIBUTION, ETC.
Place of publication, distribution, etc. თბილისი
260 ## - PUBLICATION, DISTRIBUTION, ETC.
Name of publisher, distributor, etc. საბჭ. საქართველო
260 ## - PUBLICATION, DISTRIBUTION, ETC.
Date of publication, distribution, etc. 1976
300 ## - PHYSICAL DESCRIPTION
Extent 326გვ. : 1 ფ. პორტრ. ; 20სმ
653 ## - INDEX TERM--UNCONTROLLED
Uncontrolled term ლექსები. პოემები.
653 ## - INDEX TERM--UNCONTROLLED
Uncontrolled term უღელტეხილი
942 ## - ADDED ENTRY ELEMENTS (KOHA)
Koha item type წიგნი
ეგზემპლარები
Withdrawn status Lost status Damaged status Not for loan Date acquired Barcode Date last seen Price effective from Koha item type
        2018-12-17 21791 2018-12-17 2018-12-17 წიგნი
        2018-12-17 21792 2018-12-17 2018-12-17 წიგნი
        2018-12-17 21793 2018-12-17 2018-12-17 წიგნი